00472nam a22001697a 450000500170000001000150001702000260003203500140005803700130007208200130008524500650009826000350016327000420019830000210024050000190026170000220028020170406111129.0 aENG-117710 a9788186307854c850.00 aEN-101242 bDBAD/PUB a370.9545 aEucation in north east India /cedited by Dulumoni Goswami aGuwahatibDVS Publishersc2014 aH.B. Road Panbazar bGuwahatie781001v a372p.c24cm (Hb) aIncludes index aGoswami, Dulumoni